Environmental Taxes in Countries V4

Zhodnotenie vplyvu environmentálnych daní v krajinách V4 a ich významnosť vo vzťahu k životnému prostrediu a hospodárskemu rastu. Politika Európskej únie v oblasti životného prostredia je orientovaná na vysoký stupeň ochrany životného prostredia. Udržateľný ekonomický rast je v krajinách EÚ prepojen...

Celý popis

Uložené v:
Podrobná bibliografia
Hlavný autor: Simonidesová, Jana, 1968-
Ďalší autori: Rudý, Stanislav, 1997-
Médium: Kapitola
Jazyk:English
Predmet:
Tagy: Pridať tag
Žiadne tagy, Buďte prvý, kto otaguje tento záznam!

MARC

LEADER 00000naa a2200000 4500
001 0280899
005 20240502074348.6
041 0 |a eng 
044 |a SK 
245 1 0 |a Environmental Taxes in Countries V4  |c Jana Simonidesová, Stanislav Rudý 
520 |a Zhodnotenie vplyvu environmentálnych daní v krajinách V4 a ich významnosť vo vzťahu k životnému prostrediu a hospodárskemu rastu. Politika Európskej únie v oblasti životného prostredia je orientovaná na vysoký stupeň ochrany životného prostredia. Udržateľný ekonomický rast je v krajinách EÚ prepojený s kvalitou života obyvateľov a prijateľného životného prostredia. Značný a výrazný vplyv na ekonomiku má aj záväzok EÚ v boji proti klimatickým zmenám smerujúci k zelenému rastu. 
610 2 0 |a dane ekologické 
610 2 0 |a Európska únia 
610 2 0 |a prostredie životné 
610 2 0 |a rast hospodársky 
100 1 |a Simonidesová, Jana, 1968- 
700 1 |a Rudý, Stanislav, 1997-